000 00498nam a2200145Ia 4500
008 100415s9999 xx 000 0 und d
082 _b6281
_a500
100 _aP.N.I
245 _aProceeding Of The Nation Inst. Of Sciences Of India "A" Vol. 25
260 _aNew Dehil
_c1959
_bNational Inst. Of Sciences
365 _b0
630 _aProceeding Of The Nation Inst. Of Sciences Of India "A" Vol. 25
730 _aProceeding Of The Nation Inst. Of Sciences Of India "A" Vol. 25
942 _cBOOK
999 _c589251
_d589248